01013cam a22002651 450000100060000000300080000600500170001400800390003103500190007003500180008904000500010704100080015708200210016510000330018624501930021926000490041230000340046150000870049550400510058265000230063365000160065665000240067270000350069670000160073133090BD-RjUL20211209051938.0140430r1963 enka 001 0 eng a(BD-RjUL)33181 a(OCoLC)787415 aDLCcNBuUdOCoLCdOClWdUkdDLCdBD-RjULbeng aeng a301.15bFES 19631 aFestinger, Leon,d1919-1989.10aSocial pressures in informal groups :ba study of human factors in housing /cby Leon Festinger, Stanley Schachter and Kurt Back, with chapters by Catherine Bauer and Robert Woods Kennedy. aLondon :bTavistock,cc1950 [Reissued 1963]. ax, 197 p. :billus. ;c21 cm. a"A publication of the Research Center for Group Dynamics, University of Michigan." aIncludes bibliographical references and index. 0aSocial psychology. 0aSociometry. 0aHousing management.1 aSchacher, Stanley. [joint au.]1 aBack, Kurt.